| 000 | 00626nam a2200169 i 4500 | ||
|---|---|---|---|
| 001 | 82825 | ||
| 003 | ES-MaACL | ||
| 005 | 20250828081950.0 | ||
| 007 | t| | ||
| 008 | 041112s1978 sp ||||1| spa d | ||
| 110 | 2 |
_aUniversidad de Santiago de Compostela. _bInstituto de Ciencias de la Educación _94836 |
|
| 245 | 1 | 0 |
_aCurso de orientación Universitaria _b: 1978-1979 / _cInstituto de Ciencias de la Educación de Santiago de Compostela. |
| 260 |
_aSantiago de Compostela : _bUniversidad de Santiago de Compostela, _c[1978] |
||
| 300 |
_a83 p. ; _c21 cm. |
||
| 852 |
_aES-MaACL _jA-9496 _bR.98611 |
||
| 999 |
_c82825 _d82825 |
||